MARC details
| 000 -LEADER |
| fixed length control field |
01096nam a22003257a 4500 |
| 003 - CONTROL NUMBER IDENTIFIER |
| control field |
OSt |
| 005 - DATE AND TIME OF LATEST TRANSACTION |
| control field |
20220107122855.0 |
| 008 - FIXED-LENGTH DATA ELEMENTS--GENERAL INFORMATION |
| fixed length control field |
190924b xxu||||| |||| 00| 0 eng d |
| 020 ## - INTERNATIONAL STANDARD BOOK NUMBER |
| International Standard Book Number |
9781466696617 |
| 040 ## - CATALOGING SOURCE |
| Transcribing agency |
IIITMK |
| 082 ## - DEWEY DECIMAL CLASSIFICATION NUMBER |
| Classification number |
005.82 SIL/N |
| 100 ## - MAIN ENTRY--PERSONAL NAME |
| Personal name |
Silva, Eugenie de |
| 9 (RLIN) |
16858 |
| 245 ## - TITLE STATEMENT |
| Title |
National security and counterintelligence in the era of cyber espionage |
| Statement of responsibility, etc. |
Eugenie de Silva |
| 260 ## - PUBLICATION, DISTRIBUTION, ETC. |
| Place of publication, distribution, etc. |
USA, |
| Name of publisher, distributor, etc. |
Information Science Reference, |
| Date of publication, distribution, etc. |
2016. |
| 300 ## - PHYSICAL DESCRIPTION |
| Extent |
xxvi, 308p. |
| 440 ## - SERIES STATEMENT/ADDED ENTRY--TITLE |
| Title |
Advances in Digital Crime, Forensics and Cyber Terrorism (ADCFCT) Book Series |
| 9 (RLIN) |
17228 |
| 650 ## - SUBJECT ADDED ENTRY--TOPICAL TERM |
| Topical term or geographic name entry element |
COMPUTER SCIENCE |
| 9 (RLIN) |
17229 |
| 650 ## - SUBJECT ADDED ENTRY--TOPICAL TERM |
| Topical term or geographic name entry element |
CYBER SECURITY |
| 9 (RLIN) |
17230 |
| 650 ## - SUBJECT ADDED ENTRY--TOPICAL TERM |
| Topical term or geographic name entry element |
COMPUTER SECURITY |
| 9 (RLIN) |
17231 |
| 650 ## - SUBJECT ADDED ENTRY--TOPICAL TERM |
| Topical term or geographic name entry element |
COMPUTER CRIMES |
| 9 (RLIN) |
17232 |
| 650 ## - SUBJECT ADDED ENTRY--TOPICAL TERM |
| Topical term or geographic name entry element |
NATIONAL SECURITY |
| 9 (RLIN) |
17233 |
| 650 ## - SUBJECT ADDED ENTRY--TOPICAL TERM |
| Topical term or geographic name entry element |
CYBER TERRORISM / CYBER WARFARE |
| 9 (RLIN) |
17234 |
| 650 ## - SUBJECT ADDED ENTRY--TOPICAL TERM |
| Topical term or geographic name entry element |
DIGITAL FORENSICS |
| 9 (RLIN) |
17235 |
| 650 ## - SUBJECT ADDED ENTRY--TOPICAL TERM |
| Topical term or geographic name entry element |
CRYPTOGRAPHY |
| 9 (RLIN) |
17236 |
| 650 ## - SUBJECT ADDED ENTRY--TOPICAL TERM |
| Topical term or geographic name entry element |
INTELLIGENCE SYSTEMS |
| 9 (RLIN) |
17237 |
| 650 ## - SUBJECT ADDED ENTRY--TOPICAL TERM |
| Topical term or geographic name entry element |
COUNTER INTELLIGENCE |
| 9 (RLIN) |
17238 |
| 650 ## - SUBJECT ADDED ENTRY--TOPICAL TERM |
| Topical term or geographic name entry element |
DIGITAL INTELLIGENCE |
| 9 (RLIN) |
17239 |
| 650 ## - SUBJECT ADDED ENTRY--TOPICAL TERM |
| Topical term or geographic name entry element |
CYBER ESPIONAGE |
| 9 (RLIN) |
17240 |
| 942 ## - ADDED ENTRY ELEMENTS (KOHA) |
| Source of classification or shelving scheme |
Dewey Decimal Classification |
| Koha item type |
Books |